History Quiz

Random History or Politics Quiz

42 Assassins Quiz Stats

 Plays Quiz Updated Jul 12, 2016

Challenge
Share
Tweet
Score 0/42 Timer 10:00
0 Plays Today
% Correct
John Wilkes Booth
93.2%
Lee Harvey Oswald
93.2%
Jack Ruby
71.9%
Mark David Chapman
71.5%
James Earl Ray
69.3%
Sirhan Sirhan
66.3%
Marcus Junius Brutus
65.3%
Nguyễn Văn Nhung
61.3%
Gavrilo Princip
50.4%
Agrippina the Younger
46.6%
Kim Jae-kyu
44.1%
Prince Faisal bin Musa'id
35%
General Pablo González
32.9%
Leon Czolgosz
32%
Charles J. Guiteau
31.6%
Satwant Singh
30.5%
Dan White
29.8%
Charlotte Corday
29.4%
Felix Yusupov
28.5%
Cassius Chaerea
27.9%
Alexandros Schinas
26.5%
% Correct
Jacob Johan Anckarström
26.2%
François Ravaillac
24.5%
Sonny O'Neill
23.4%
Yigal Amir
22.6%
John Bellingham
22.1%
Mustafa Abu al-Yazid
21.8%
Gaetano Bresci
21.5%
Eligiusz Niewiadomski
17.9%
Nathuram Godse
17.6%
Carl Weiss
16.1%
Larry Layton
15.6%
Vlado Chernozemski
15.6%
Talmadge Hayer
14.2%
Ramón Mercader
13.6%
Balthasar Gérard
12.9%
Mohammed Bouyeri
12.4%
Erwin Kern
12.4%
Khalid Islambouli
12.3%
John Patler
11.6%
Giuseppe Zangara
11.5%
Ignacy Hryniewiecki
6.9%

You're not logged in!

Compare scores with friends on all Sporcle quizzes.
Join for Free
OR
Log In

You Might Also Like...

Show Comments

Extras

Top Quizzes Today


Score Distribution

Your Account Isn't Verified!

In order to create a playlist on Sporcle, you need to verify the email address you used during registration. Go to your Sporcle Settings to finish the process.

Report this User

Report this user for behavior that violates our Community Guidelines.

Details: